Inštitucionálne predpoklady šírenia znalostnej ekonomiky v podmienkach vybraného regiónu diplomová práca

Enregistré dans:
Détails bibliographiques
Auteur principal: Šulíková, Lenka
Collectivité auteur: Národohospodárska fakulta EU. Katedra verejnej správy a regionálneho rozvoja
Autres auteurs: Tvrdoň, Jozef
Format: Livre
Langue:slovaque
Publié: Bratislava 2015
Tags: Ajouter un tag
Pas de tags, Soyez le premier à ajouter un tag!

MARC

LEADER 00000nbm a2200000 4500
001 0202484
005 20161212095246.5
041 0 |a slo 
044 |a SK 
245 1 0 |a Inštitucionálne predpoklady šírenia znalostnej ekonomiky v podmienkach vybraného regiónu  |b diplomová práca  |c Lenka Šulíková ; školiteľ: Jozef Tvrdoň 
264 1 |a Bratislava  |c 2015 
300 |a 84 s. 
100 1 |a Šulíková, Lenka 
700 1 |a Tvrdoň, Jozef 
710 2 |a Národohospodárska fakulta EU. Katedra verejnej správy a regionálneho rozvoja